Superconductivity / (Record no. 11646)

MARC details
000 -LEADER
fixed length control field 01262cam a2200325 i 4500
001 - CONTROL NUMBER
control field 4434093
003 - CONTROL NUMBER IDENTIFIER
control field EG-ScBUE
005 - DATE AND TIME OF LATEST TRANSACTION
control field 20250624085541.0
008 - FIXED-LENGTH DATA ELEMENTS--GENERAL INFORMATION
fixed length control field 940727s2007 ne a f b 001 0 eng
020 ## - INTERNATIONAL STANDARD BOOK NUMBER
International Standard Book Number 978012088613
040 ## - CATALOGING SOURCE
Original cataloging agency EG-ScBUE
Language of cataloging eng
Description conventions rda
Transcribing agency EG-ScBUE
Modifying agency EG-ScBUE
082 04 - DEWEY DECIMAL CLASSIFICATION NUMBER
Classification number 537.623
Edition number 22
Item number SUP
245 00 - TITLE STATEMENT
Title Superconductivity /
Statement of responsibility, etc Charles P. Poole, Jr., Department of Physics and Astronomy, University of South Carolina, Columbia, South Carolina, [and three others]
250 ## - EDITION STATEMENT
Edition statement Second edition.
264 #1 - PUBLICATION, DISTRIBUTION, ETC. (IMPRINT)
Place of publication, distribution, etc Amesterdam :
Name of publisher, distributor, etc Elsevier,
Date of publication, distribution, etc 2007.
300 ## - PHYSICAL DESCRIPTION
Extent xxiii, 646 pages :
Other physical details illustrations ;
Dimensions 27 cm
336 ## - CONTENT TYPE
Source rdacontent
Content type term text
Content type code txt
337 ## - MEDIA TYPE
Media type term unmediated
Source rdamedia
Media type code n
338 ## - CARRIER TYPE
Carrier type term volume
Carrier type code nc
Source rdacarrier
504 ## - BIBLIOGRAPHY, ETC. NOTE
Bibliography, etc Includes bibliographical references and index.
650 #7 - SUBJECT ADDED ENTRY--TOPICAL TERM
Topical term or geographic name as entry element Superconductivity.
9 (RLIN) 5433
Source of heading or term BUEsh
655 ## - INDEX TERM--GENRE/FORM
Form subdivision Reading book
700 1# - ADDED ENTRY--PERSONAL NAME
Personal name Poole, Charles P.,
Relator term author.
700 1# - ADDED ENTRY--PERSONAL NAME
Personal name Farach, Horacio A.,
9 (RLIN) 5434
Relator term author.
700 1# - ADDED ENTRY--PERSONAL NAME
Personal name Creswick, Richard J.,
9 (RLIN) 5435
Relator term author.
700 1# - ADDED ENTRY--PERSONAL NAME
Personal name Prozorov, Ruslan,
Relator term author.
856 42 - ELECTRONIC LOCATION AND ACCESS
Materials specified Publisher description
Uniform Resource Identifier <a href="http://www.loc.gov/catdir/description/els032/94031853.html">http://www.loc.gov/catdir/description/els032/94031853.html</a>
856 41 - ELECTRONIC LOCATION AND ACCESS
Materials specified Table of contents
Uniform Resource Identifier <a href="http://www.loc.gov/catdir/toc/els032/94031853.html">http://www.loc.gov/catdir/toc/els032/94031853.html</a>
942 ## - ADDED ENTRY ELEMENTS (KOHA)
Source of classification or shelving scheme Dewey Decimal Classification
Koha item type Book - Borrowing
Holdings
Withdrawn status Lost status Source of classification or shelving scheme Damaged status Not for loan Collection code Home library Current library Shelving location Date acquired Source of acquisition Cost, normal purchase price Serial Enumeration / chronology Total Checkouts Full call number Barcode Date last seen Koha item type
    Dewey Decimal Classification     Alahram Central Library Central Library First floor 27/05/2009 Purchase 740.00 352   537.623 SUP 000016392 15/07/2025 Book - Borrowing